000 00523nam a2200169 a 4500
005 20140412111300.0
008 000831s19uu xx 00 eng d
020 _a0-89375-133-2
050 _aBB
_bBr836 1979
100 _aGrimm, Brothers
245 _aThe Bremen town musician /
_cby the Brothers Grimm ; illustrated by Pamela Baldwin Ford.
260 _aMahwah, New Jersey :
_bTroll Associates,
_c1979.
300 _a1 v. (unp.) ; ill.
440 _aTroll Associates
650 _aMusicians-Fiction
999 _c103333
_d103333